|
|
|
|
| LEADER |
01231nam a22003132a 4500 |
| 001 |
001108773 |
| 003 |
CZ BrMZK |
| 005 |
20110321132543.0 |
| 007 |
ta |
| 008 |
100804s1984 xr er|||||||||||cze d |
| 040 |
|
|
|a BOA001
|b cze
|
| 080 |
9 |
|
|a 355.233.21
|
| 080 |
9 |
|
|a 623.437.4.02/.07
|
| 100 |
1 |
|
|a Malach, Antonín,
|d 1926-2023
|7 mzk2003171414
|4 aut
|
| 245 |
1 |
0 |
|a Programovaná učebnice řidiče automobilu.
|n Díl 4,
|p Technika řízení automobilu /
|c zpracovali Antonín Malach, Arnošt Farka, Jaroslav Zajac
|
| 246 |
3 |
0 |
|a Technika řízení automobilu
|
| 250 |
|
|
|a 1. vyd.
|
| 260 |
|
|
|a Praha :
|b Naše vojsko,
|c 1984
|
| 300 |
|
|
|a 250 s. +
|e Správná řešení kontrolních testů ([4] l.)
|
| 500 |
|
|
|a Nad názvem: Ministerstvo národní obrany, Tanková a automobilní správa
|
| 504 |
|
|
|a Obsahuje bibliografii
|
| 655 |
|
7 |
|a učebnice
|7 fd133770
|2 czenas
|
| 700 |
1 |
|
|a Farka, Arnošt
|7 xx0048103
|4 aut
|
| 700 |
1 |
|
|a Zajac, Jaroslav
|4 aut
|
| 710 |
1 |
|
|a Československo.
|b Ministerstvo národní obrany.
|b Tanková a automobilní správa
|7 kn20050803001
|
| 910 |
|
|
|a BOA001
|b 2-0859.208,4
|
| 990 |
|
|
|a BK
|
| 991 |
|
|
|b 201007
|
| 996 |
6 |
|
|b 2619349558
|c 2-0859.208,4
|l MZK
|r Sklad / do 1 hodiny
|n 1
|w 001136080
|u 000010
|a 1
|e BOA001
|j MZK50
|s P
|